| 000 | 00669nam a2200241Ia 4500 | ||
|---|---|---|---|
| 003 | OSt | ||
| 005 | 20220912145820.0 | ||
| 006 | a|||||r|||| 00| 0 | ||
| 007 | ta | ||
| 008 | 220909b |||||||| |||| 00| 0 eng d | ||
| 024 | _a81604 | ||
| 037 | _cTextbook | ||
| 040 |
_aCSL _beng _cCSL |
||
| 041 | _aeng | ||
| 082 | _aCN, P0 | ||
| 100 | _aSavarkar S S | ||
| 245 | 0 | _aGreat einstein-sky-ride or the intelligent layman's guide to relativity and gravitation | |
| 260 |
_aMumbai _bShudhavidya Prakashana _c2000 |
||
| 300 |
_ap. _ccm. |
||
| 650 | _aRelativity and gravitation | ||
| 942 |
_hCN, P0 _cTB _2CC |
||
| 999 |
_c38917 _d38917 |
||